[Event "ChampionshipRomania"]
[Site "?"]
[Date "2014.04.26"]
[Round "?"]
[White "Kelemen, Norbert"]
[Black "Sava, Bogdan"]
[Result "0-1"]
[WhiteElo "1670"]
[BlackElo "2112"]
[PlyCount "104"]
[EventDate "2014.??.??"]

1. e4 e5 2. Nf3 Nf6 3. Nxe5 d6 4. Nf3 Nxe4 5. d4 d5 6. Bf4 Bd6 7. Bxd6 Qxd6 8.
c3 O-O 9. Bd3 Bg4 10. O-O Nd7 11. h3 Bh5 12. Be2 Rfe8 13. Re1 Re7 14. Nfd2 Bxe2
15. Rxe2 Rae8 16. Nxe4 dxe4 17. Nd2 Nb6 18. Qc2 e3 19. Rxe3 Rxe3 20. fxe3 Rxe3
21. Nf3 Qd5 22. Qd2 Nc4 23. Qc2 g6 24. Kf2 Qe6 25. b3 Nd6 26. Re1 Rxe1 27. Nxe1
Ne4+ 28. Kg1 Ng3 29. Kf2 Ne4+ 30. Kg1 Nd6 31. Kf2 Nf5 32. Qe2 Qc6 33. Qf3 Qa6
34. Qe2 Qa5 35. Qc2 Nd6 36. c4 Nf5 37. Nf3 Qb6 38. Qe4 h5 39. g4 hxg4 40. hxg4
Ng7 41. Kf1 Qf6 42. Qxb7 Qf4 43. Qc8+ Kh7 44. Kg2 Ne6 45. d5 Nc5 46. g5 Ne4 47.
Qh3+ Kg8 48. Qh2 Qg4+ 49. Kf1 Qxf3+ 50. Ke1 Qe3+ 51. Kd1 Qd4+ 52. Kc1 Qa1+ 0-1

[Event "Miercurea Ciuc Bancpost op 16th"]
[Site "Miercurea Ciuc"]
[Date "2013.08.17"]
[Round "9.2"]
[White "Banzea, Alexandru Bogdan"]
[Black "Sava, Bogdan"]
[Result "0-1"]
[WhiteElo "1871"]
[BlackElo "2113"]
[PlyCount "80"]
[EventDate "2013.08.11"]
[EventType "swiss"]
[EventRounds "9"]
[EventCountry "ROM"]

1. d4 Nf6 2. Nf3 e6 3. e3 d5 4. Bd3 c5 5. b3 Be7 6. Bb2 O-O 7. O-O Nbd7 8. Nbd2
b6 9. Ne5 Bb7 10. f4 Ne4 11. Bxe4 dxe4 12. c4 f6 13. Nxd7 Qxd7 14. Qc2 f5 15.
Rad1 Qc7 16. Nb1 Bf6 17. Qf2 Rad8 18. Rd2 Qf7 19. Rfd1 Qh5 20. Nc3 cxd4 21.
exd4 g5 22. Ne2 Qg4 23. Qg3 gxf4 24. Qxg4+ fxg4 25. Nxf4 Bg5 26. g3 Bxf4 27.
gxf4 e3 28. Rd3 e2 29. Re1 Bf3 30. Bc1 Rf5 31. Be3 Kf7 32. Rd2 Rh5 33. Bf2 Rf5
34. Be3 Rd7 35. Kf2 Rh5 36. Kg1 Kg6 37. a4 Kf5 38. Rc2 g3 39. hxg3 Ke4 40. Rc3
Rg7 0-1

[Event "Miercurea Ciuc Bancpost op 16th"]
[Site "Miercurea Ciuc"]
[Date "2013.08.16"]
[Round "8.2"]
[White "Ilie, Maria Ruxandra"]
[Black "Sava, Bogdan"]
[Result "1/2-1/2"]
[WhiteElo "2011"]
[BlackElo "2113"]
[PlyCount "90"]
[EventDate "2013.08.11"]
[EventType "swiss"]
[EventRounds "9"]
[EventCountry "ROM"]

1. d4 Nf6 2. Nf3 e6 3. c4 b6 4. g3 Bb7 5. Bg2 Bb4+ 6. Bd2 a5 7. Nc3 O-O 8. O-O
d6 9. Qc2 Nbd7 10. a3 Bxc3 11. Bxc3 Be4 12. Qd2 a4 13. Rad1 Qe7 14. Nh4 Bxg2
15. Nxg2 Ne4 16. Qc2 Ndf6 17. f3 Nxc3 18. Qxc3 Ra5 19. e4 Rc8 20. Qb4 Qe8 21.
Ne3 Rb8 22. Qc3 h6 23. Rd2 Qc6 24. Rfd1 Raa8 25. Kg2 Re8 26. Nc2 Qb7 27. Ne3
Rab8 28. d5 Qa7 29. Nc2 Ra8 30. Nb4 Qa5 31. Qd4 Nd7 32. Nc6 Qc5 33. Rc2 Nb8 34.
Nb4 Na6 35. Nc6 Qxd4 36. Rxd4 e5 37. Rdd2 Nc5 38. Kf2 g6 39. Ke3 Kg7 40. g4 Rf8
41. Rg2 Rae8 42. Rc1 Kh7 43. Rcg1 Rg8 44. h4 Nb7 45. Kd3 Ra8 1/2-1/2

[Event "Miercurea Ciuc Bancpost op 16th"]
[Site "Miercurea Ciuc"]
[Date "2013.08.15"]
[Round "6.2"]
[White "Costachi, Mihnea"]
[Black "Sava, Bogdan"]
[Result "1/2-1/2"]
[WhiteElo "2150"]
[BlackElo "2113"]
[PlyCount "25"]
[EventDate "2013.08.11"]
[EventType "swiss"]
[EventRounds "9"]
[EventCountry "ROM"]

1. d4 Nf6 2. c4 e6 3. Nc3 Bb4 4. e3 O-O 5. Nge2 b6 6. a3 Be7 7. d5 Re8 8. Ng3
a5 9. Be2 Ba6 10. O-O Bd6 11. b3 Be5 12. Bb2 exd5 13. cxd5 1/2-1/2

[Event "Miercurea Ciuc Bancpost op 16th"]
[Site "Miercurea Ciuc"]
[Date "2013.08.15"]
[Round "7.2"]
[White "Sava, Bogdan"]
[Black "Ordog, Robert"]
[Result "1-0"]
[WhiteElo "2113"]
[BlackElo "1871"]
[PlyCount "45"]
[EventDate "2013.08.11"]
[EventType "swiss"]
[EventRounds "9"]
[EventCountry "ROM"]

1. c4 Nf6 2. Nc3 d5 3. cxd5 Nxd5 4. Nf3 g6 5. g3 Bg7 6. Bg2 c6 7. O-O O-O 8. d4
b6 9. Bg5 h6 10. Bd2 Ba6 11. Re1 Nd7 12. Rc1 Rc8 13. Qa4 Nxc3 14. bxc3 Bb5 15.
Qb3 e5 16. Be3 Kh7 17. Rcd1 e4 18. Ne5 f5 19. a4 Ba6 20. f4 Qe7 21. Rd2 c5 22.
Nxd7 c4 23. Nxf8+ 1-0

[Event "Miercurea Ciuc Bancpost op 16th"]
[Site "Miercurea Ciuc"]
[Date "2013.08.14"]
[Round "5.2"]
[White "Toth, Botond Artur"]
[Black "Sava, Bogdan"]
[Result "0-1"]
[WhiteElo "1826"]
[BlackElo "2113"]
[PlyCount "84"]
[EventDate "2013.08.11"]
[EventType "swiss"]
[EventRounds "9"]
[EventCountry "ROM"]

1. d4 Nf6 2. c4 e6 3. Nf3 b6 4. g3 Bb7 5. Bg2 Bb4+ 6. Bd2 a5 7. O-O O-O 8. Nc3
d6 9. e3 Nbd7 10. a3 Bxc3 11. Bxc3 Ne4 12. Qc2 Nxc3 13. Qxc3 Nf6 14. Nd2 Bxg2
15. Kxg2 a4 16. Rac1 Ra5 17. e4 Qa8 18. f3 Rd8 19. Rfd1 Rf8 20. Nf1 Qb7 21. Ne3
h5 22. d5 Re8 23. Rc2 Rc5 24. Qb4 Qa8 25. Rcd2 Qa6 26. dxe6 fxe6 27. b3 axb3
28. Qxb3 Ra8 29. Ra2 Kf7 30. h4 Re5 31. Kf2 Qa5 32. a4 Qc5 33. Qa3 Qc6 34. Qb3
Rea5 35. Rda1 Nd7 36. g4 Nc5 37. Qc2 hxg4 38. Nxg4 Rxa4 39. Rxa4 Rxa4 40. Rg1
Qa8 41. Qc3 Ra2+ 42. Kg3 Nxe4+ 0-1

[Event "Miercurea Ciuc Bancpost op 16th"]
[Site "Miercurea Ciuc"]
[Date "2013.08.13"]
[Round "4.1"]
[White "Sava, Bogdan"]
[Black "Baratosi, Daniel"]
[Result "1/2-1/2"]
[WhiteElo "2113"]
[BlackElo "2402"]
[PlyCount "25"]
[EventDate "2013.08.11"]
[EventType "swiss"]
[EventRounds "9"]
[EventCountry "ROM"]

1. d4 d6 2. e4 Nf6 3. Nc3 e5 4. dxe5 dxe5 5. Qxd8+ Kxd8 6. Bg5 Be6 7. O-O-O+
Kc8 8. Nf3 Nbd7 9. Be2 c6 10. Bh4 Bb4 11. Ng5 Nc5 12. Nxe6 Nxe6 13. Bxf6
1/2-1/2

[Event "Miercurea Ciuc Bancpost op 16th"]
[Site "Miercurea Ciuc"]
[Date "2013.08.13"]
[Round "3.3"]
[White "Sava, Bogdan"]
[Black "Egeto, Janos Lehel"]
[Result "1-0"]
[WhiteElo "2113"]
[BlackElo "1912"]
[PlyCount "35"]
[EventDate "2013.08.11"]
[EventType "swiss"]
[EventRounds "9"]
[EventCountry "ROM"]

1. c4 c6 2. e4 d5 3. cxd5 cxd5 4. e5 Nc6 5. d4 Qb6 6. Nc3 Qxd4 7. Qxd4 Nxd4 8.
Nxd5 Nc2+ 9. Kd1 Nxa1 10. Nc7+ Kd8 11. Nxa8 Bf5 12. Nf3 Bb1 13. Be3 Bxa2 14.
Bxa7 e6 15. Bb5 Bb4 16. Ke2 Nc2 17. Rc1 Bb3 18. Bd3 1-0

[Event "Miercurea Ciuc Bancpost op 16th"]
[Site "Miercurea Ciuc"]
[Date "2013.08.12"]
[Round "2.4"]
[White "Miroi, Robert Andrei"]
[Black "Sava, Bogdan"]
[Result "0-1"]
[WhiteElo "1809"]
[BlackElo "2113"]
[PlyCount "86"]
[EventDate "2013.08.11"]
[EventType "swiss"]
[EventRounds "9"]
[EventCountry "ROM"]

1. e4 e5 2. Nf3 Nf6 3. Nxe5 d6 4. Nf3 Nxe4 5. Nc3 Nxc3 6. dxc3 Be7 7. Bd3 O-O
8. Be3 Nc6 9. Qd2 Bf6 10. O-O-O Be6 11. Kb1 Ne5 12. Nxe5 dxe5 13. f3 c6 14. g4
Qa5 15. c4 Qxd2 16. Rxd2 Rfd8 17. h4 Be7 18. g5 Rd7 19. c3 Rad8 20. Rhd1 Rxd3
21. Rxd3 Bf5 22. Kc2 c5 23. a3 Kf8 24. b3 Ke8 25. a4 b6 26. f4 f6 27. fxe5 fxe5
28. Bg1 h6 29. Bh2 hxg5 30. hxg5 Bxg5 31. Bxe5 Bf6 32. Bg3 Kf7 33. b4 g5 34.
bxc5 bxc5 35. Bf2 Be7 36. Be3 Kg6 37. Bf2 Bf8 38. Be3 a6 39. Bf2 Be4 40. Be3 g4
41. Bf2 Kf5 42. Bh4 Rxd3 43. Rxd3 Bd6 0-1

[Event "Miercurea Ciuc Bancpost op 16th"]
[Site "Miercurea Ciuc"]
[Date "2013.08.11"]
[Round "1.5"]
[White "Sava, Bogdan"]
[Black "Mihaly, Zsolt"]
[Result "1-0"]
[WhiteElo "2113"]
[BlackElo "1659"]
[PlyCount "75"]
[EventDate "2013.08.11"]
[EventType "swiss"]
[EventRounds "9"]
[EventCountry "ROM"]

1. e4 c5 2. Nf3 e6 3. c3 d5 4. e5 Nc6 5. d4 cxd4 6. cxd4 Qb6 7. a3 Bd7 8. b4
Nge7 9. Bb2 Nf5 10. g4 Nh6 11. h3 Be7 12. Bd3 Rc8 13. O-O O-O 14. Nc3 Kh8 15.
Na4 Qd8 16. Nc5 Bxc5 17. dxc5 b6 18. b5 bxc5 19. bxc6 Bxc6 20. Bc1 Ng8 21. Qc2
c4 22. Be2 Qd7 23. Nd4 Ba4 24. Qc3 f6 25. Bf4 fxe5 26. Bxe5 Nf6 27. f3 Qe7 28.
Qb4 Qe8 29. Bd1 Bd7 30. Rc1 Qg6 31. Rc3 Qh6 32. Rf2 Rf7 33. Rg2 Qh4 34. Re3
Rcf8 35. Qe1 Qxe1+ 36. Rxe1 Re8 37. Rb2 Bc8 38. Ba4 1-0

[Event "CN Seniori"]
[Site "?"]
[Date "2011.02.20"]
[Round "?"]
[White "Sava, Bogdan"]
[Black "Stegariu, Vlad-Ionut"]
[Result "1/2-1/2"]
[WhiteElo "2153"]
[BlackElo "2195"]
[PlyCount "88"]
[EventDate "2011.??.??"]

1. c4 Nf6 2. Nf3 e6 3. g3 b6 4. Bg2 Bb7 5. O-O Be7 6. Nc3 O-O 7. Qc2 c5 8. e3
d5 9. d4 dxc4 10. dxc5 Bxc5 11. Ne5 Bxg2 12. Kxg2 Qe7 13. Qa4 Qb7+ 14. Kg1 a6
15. Qxc4 Bd6 16. Ng4 Nxg4 17. Qxg4 Be5 18. Bd2 Nd7 19. Rab1 Nf6 20. Qg5 Ne4 21.
Nxe4 Qxe4 22. f3 Qf5 23. Qxf5 exf5 24. Rbc1 Rac8 25. Rxc8 Rxc8 26. Rc1 Rxc1+
27. Bxc1 Kf8 28. Kf2 Ke7 29. h3 h5 30. b3 Ke6 31. Bd2 Kd5 32. Be1 g5 33. g4
fxg4 34. fxg4 hxg4 35. hxg4 Ke4 36. Ke2 Bd6 37. Bc3 Bc5 38. Bd2 b5 39. a4 f5
40. gxf5 Kxf5 41. axb5 axb5 42. e4+ Kg4 43. Ba5 Kf4 44. Bd2+ Kxe4 1/2-1/2

[Event "CN Seniori 2011"]
[Site "Sarata Monteoru"]
[Date "2011.02.19"]
[Round "10.11"]
[White "Balla, Tamas Kristof"]
[Black "Sava, Bogdan"]
[Result "1-0"]
[WhiteElo "2394"]
[BlackElo "2153"]
[PlyCount "94"]
[EventDate "2011.02.12"]

1. d4 Nf6 2. c4 e6 3. Nc3 Bb4 4. Qc2 d5 5. a3 Bxc3+ 6. Qxc3 Ne4 7. Qc2 b6 8. e3
O-O 9. Bd3 f5 10. Ne2 Nd7 11. O-O c5 12. Nf4 Ndf6 13. f3 Ng5 14. cxd5 Nxd5 15.
dxc5 bxc5 16. Rd1 Qb6 17. Bc4 Nc7 18. Qc3 Ne8 19. b3 Nf6 20. Bb2 Nf7 21. Rac1
Rb8 22. Ba1 Rb7 23. Nd3 Rd7 24. Ne5 Rxd1+ 25. Rxd1 Rd8 26. Rc1 Bb7 27. Nd3 Rd6
28. Nb2 Qd8 29. Bf1 Nh5 30. Na4 Qg5 31. Be2 Ba6 32. Bxa6 Rxa6 33. Nxc5 Rc6 34.
b4 Nf6 35. Qb3 Nd5 36. Re1 h5 37. f4 Qd8 38. Rd1 Qb6 39. Qb2 Nf6 40. h3 Nd6 41.
Kh2 Nde8 42. Qe5 Kf7 43. e4 g6 44. exf5 gxf5 45. Nd7 Qd8 46. Qb5 Rd6 47. Bxf6
Qxf6 1-0

[Event "CN Seniori 2011"]
[Site "Sarata Monteoru"]
[Date "2011.02.18"]
[Round "9.17"]
[White "Sava, Bogdan"]
[Black "Hajbok, Robert"]
[Result "1-0"]
[WhiteElo "2153"]
[BlackElo "2264"]
[PlyCount "61"]
[EventDate "2011.02.12"]

1. c4 e5 2. Nc3 Nc6 3. g3 f5 4. Bg2 Nf6 5. e3 d5 6. cxd5 Nb4 7. d3 Nbxd5 8.
Nxd5 Nxd5 9. Nf3 Bd6 10. O-O c6 11. e4 fxe4 12. Nxe5 Bxe5 13. Qh5+ Kf8 14. dxe4
Bxb2 15. exd5 Bxa1 16. Ba3+ c5 17. Bxc5+ Kg8 18. Rxa1 Bd7 19. d6 Qf6 20. Re1 h6
21. Qd5+ Kf8 22. Bd4 Qf5 23. Bxg7+ Kxg7 24. Qd4+ Qf6 25. Re7+ Kg6 26. Be4+ Bf5
27. Bxf5+ Kxf5 28. Qe4+ Kg5 29. h4+ Kh5 30. Qe2+ Kg6 31. Qg4+ 1-0

[Event "CN Seniori 2011"]
[Site "Sarata Monteoru"]
[Date "2011.02.17"]
[Round "8.7"]
[White "Manea, Alexandru"]
[Black "Sava, Bogdan"]
[Result "1-0"]
[WhiteElo "2384"]
[BlackElo "2153"]
[PlyCount "105"]
[EventDate "2011.02.12"]

1. d4 Nf6 2. Nf3 e6 3. c4 b6 4. g3 Bb4+ 5. Bd2 a5 6. Bg2 Bb7 7. O-O O-O 8. Nc3
d6 9. Qc2 Nbd7 10. Ne1 Bxg2 11. Nxg2 c5 12. a3 Bxc3 13. Bxc3 Qc7 14. Ne3 cxd4
15. Bxd4 d5 16. cxd5 Qxc2 17. Nxc2 e5 18. Be3 Rac8 19. Rac1 Nxd5 20. Rfd1 N7f6
21. Bd2 Rc5 22. Ne3 Nxe3 23. Bxe3 Rb5 24. Rc2 Nd5 25. Bc1 f5 26. f3 Re8 27. Kf2
h6 28. Rc6 Ne7 29. Rc7 Kf8 30. Rdd7 Kf7 31. Ra7 Ke6 32. Rdb7 Kd6 33. h4 Nc8 34.
Ra8 Rc5 35. Be3 Rc7 36. Rxb6+ Nxb6 37. Rxe8 Nc4 38. Rb8 Kc6 39. a4 Rf7 40. Rc8+
Rc7 41. Rb8 Rb7 42. Rxb7 Kxb7 43. Bc1 Kc6 44. b3 Nd6 45. Bd2 Nb7 46. h5 Nc5 47.
Bxa5 Nxb3 48. Bb4 Nd4 49. Bc3 Kd5 50. Bxd4 Kxd4 51. e4 fxe4 52. fxe4 Kxe4 53.
a5 1-0

[Event "CN Seniori 2011"]
[Site "Sarata Monteoru"]
[Date "2011.02.16"]
[Round "6.27"]
[White "Sava, Bogdan"]
[Black "Condurat, Florin-Marian"]
[Result "1-0"]
[WhiteElo "2153"]
[BlackElo "1759"]
[PlyCount "47"]
[EventDate "2011.02.12"]

1. e4 e5 2. Nf3 Nc6 3. Bc4 Be7 4. d4 exd4 5. O-O d6 6. Nxd4 Nf6 7. Nxc6 bxc6 8.
Nc3 O-O 9. h3 Nd7 10. Be3 Nb6 11. Bb3 Bf6 12. Bd4 Bxd4 13. Qxd4 c5 14. Qd2 c4
15. Ba4 Nxa4 16. Nxa4 Re8 17. Nc3 Rb8 18. Rab1 f5 19. Rfe1 fxe4 20. Nxe4 d5 21.
Ng5 Rxe1+ 22. Rxe1 h6 23. Qxd5+ Qxd5 24. Re8# 1-0

[Event "CN Seniori 2011"]
[Site "Sarata Monteoru"]
[Date "2011.02.15"]
[Round "5.16"]
[White "Georgescu, Tiberiu-Marian"]
[Black "Sava, Bogdan"]
[Result "1/2-1/2"]
[WhiteElo "2406"]
[BlackElo "2153"]
[PlyCount "73"]
[EventDate "2011.02.12"]

1. c4 c5 2. g3 g6 3. Bg2 Bg7 4. Nc3 Nc6 5. Nf3 e5 6. O-O Nge7 7. Ne1 d6 8. Nc2
O-O 9. Ne3 Be6 10. a3 Qd7 11. Ned5 Bh3 12. Ne4 Nxd5 13. Bxh3 Qxh3 14. cxd5 Ne7
15. Nxd6 Qd7 16. Ne4 Qxd5 17. d3 Nf5 18. Bg5 f6 19. Bxf6 Bxf6 20. Nxf6+ Rxf6
21. e4 Qd4 22. exf5 Raf8 23. Qb3+ Kh8 24. Qc3 Rxf5 25. Qxd4 exd4 26. f4 R5f6
27. Rae1 Rb6 28. Rf2 Rb3 29. Rd2 Kg7 30. Re5 Rf5 31. Re7+ Rf7 32. Re5 Rf5 33.
Re4 Rf6 34. Kf2 Rfb6 35. Ree2 Kf7 36. Rc2 Rc6 37. Rcd2 $11 1/2-1/2

[Event "CN Seniori 2011"]
[Site "Sarata Monteoru"]
[Date "2011.02.14"]
[Round "3.10"]
[White "Sava, Bogdan"]
[Black "Dragomirescu, Robin Alexandru"]
[Result "0-1"]
[WhiteElo "2153"]
[BlackElo "2403"]
[PlyCount "96"]
[EventDate "2011.02.12"]

1. d4 d5 2. Nf3 e6 3. c4 c6 4. e3 Nf6 5. Bd3 Nbd7 6. b3 Bd6 7. Bb2 O-O 8. Nbd2
Qe7 9. O-O e5 10. e4 exd4 11. exd5 c5 12. Re1 Qd8 13. Nf1 Qc7 14. Bc1 Ne5 15.
h3 Nxd3 16. Qxd3 Bd7 17. Bg5 Nh5 18. Be7 Nf4 19. Qd2 Rfe8 20. Bxd6 Qxd6 21. Ng3
Qf6 22. Ne4 Nxh3+ 23. Kf1 Qb6 24. gxh3 Bxh3+ 25. Kg1 Rxe4 26. Rxe4 Qg6+ 27. Ng5
h6 28. Rae1 hxg5 29. Qd3 Bf5 30. Re8+ Rxe8 31. Rxe8+ Kh7 32. Qg3 Qh5 33. Re1 d3
34. f3 Kg6 35. Kg2 Qh8 36. Kf2 Qd8 37. Qe5 Qa5 38. Qb2 Qc7 39. Qe5 Qa5 40. Qb2
f6 41. Rd1 Qc7 42. Kg2 g4 43. Qf2 Qf4 44. Qg3 Qe3 45. Re1 Qd4 46. fxg4 Bxg4 47.
Rd1 d2 48. Kf1 Kf5 0-1

[Event "GRAND PRIX BALCANI - Festivalul Interna"]
[Site "?"]
[Date "2010.08.25"]
[Round "?"]
[White "Sava, Bogdan"]
[Black "Doros, Doru-Lucian"]
[Result "1-0"]
[WhiteElo "2131"]
[BlackElo "1855"]
[PlyCount "81"]
[EventDate "2010.??.??"]

1. e4 c5 2. Nf3 Nc6 3. g3 g6 4. Bg2 Bg7 5. O-O d6 6. c3 e5 7. d3 Nge7 8. Be3
O-O 9. Qd2 f5 10. Bh6 Be6 11. Bxg7 Kxg7 12. Ng5 Bg8 13. Qe2 h6 14. Nh3 f4 15.
f3 g5 16. Na3 Ng6 17. Rfd1 Be6 18. g4 Nh4 19. Nf2 Nxg2 20. Kxg2 Rh8 21. Rh1 h5
22. h3 a6 23. Nc2 Qb6 24. b3 a5 25. Qd2 a4 26. b4 cxb4 27. cxb4 Nd4 28. Nxd4
Qxd4 29. Rac1 Rac8 30. Rc2 Rxc2 31. Qxc2 Qxb4 32. Rb1 Qa3 33. Rxb7+ Bf7 34. Ra7
Rb8 35. Rxf7+ Kxf7 36. Qc7+ Ke6 37. Qxb8 Kf7 38. Qc7+ Kf8 39. gxh5 Qxa2 40. h6
Qf7 41. Qd8+ 1-0

[Event "GRAND PRIX BALCANI - Festivalul Interna"]
[Site "?"]
[Date "2010.08.24"]
[Round "?"]
[White "Sava, Bogdan"]
[Black "Miller (Gelip), Ioana"]
[Result "0-1"]
[WhiteElo "2131"]
[BlackElo "1884"]
[PlyCount "156"]
[EventDate "2010.??.??"]

1. c4 e5 2. Nc3 Nc6 3. Nf3 g6 4. g3 Bg7 5. Bg2 d6 6. d3 Nge7 7. O-O O-O 8. Bd2
Be6 9. Qc1 Qd7 10. Bh6 Bh3 11. Bxg7 Kxg7 12. e3 Bxg2 13. Kxg2 f5 14. Nd5 Rac8
15. Nxe7 Qxe7 16. Qc3 Kg8 17. d4 e4 18. Ng1 g5 19. Ne2 Qf7 20. h3 Qh5 21. Rae1
Qf3+ 22. Kh2 Ne7 23. Qd2 Rf6 24. Ng1 Qh5 25. Qd1 g4 26. Kg2 Rh6 27. Qa4 Nc6 28.
Qb5 gxh3+ 29. Kh2 Rb8 30. f3 Qg5 31. fxe4 Rg6 32. Ne2 Qxe3 33. Qxf5 Nxd4 34.
Qf7+ Kh8 35. Qf4 Nc2 36. Qxe3 Nxe3 37. Rf7 Rg7 38. Rxg7 Kxg7 39. Kxh3 Re8 40.
b3 Rxe4 41. Nc3 Re5 42. g4 Nxc4 43. Rxe5 Nxe5 44. Nb5 a6 45. Nxc7 Kg6 46. Kg3
Nd3 47. Ne8 d5 48. Nc7 d4 49. Ne6 Nc1 50. Nxd4 Nxa2 51. Kf4 Nc3 52. Ne6 a5 53.
Ke5 b5 54. Nf8+ Kg7 55. Ne6+ Kf7 56. Nd8+ Kg6 57. Kd4 Ne2+ 58. Kc5 a4 59. bxa4
bxa4 60. Kb4 Kg5 61. Kxa4 Kxg4 62. Nf7 h5 63. Kb3 h4 64. Ne5+ Kg3 65. Nc4 h3
66. Ne3 Kf3 67. Nf1 Nf4 68. Kc4 Kf2 69. Nh2 Ng2 70. Kd4 Ne3 71. Ke4 Nf1 72.
Ng4+ Kg3 73. Kf5 Nd2 74. Kg5 Ne4+ 75. Kf5 Nf2 76. Ne3 Kf3 77. Nf1 Kg2 78. Ne3+
Kg1 0-1

[Event "GRAND PRIX BALCANI - Festivalul Interna"]
[Site "?"]
[Date "2010.08.23"]
[Round "?"]
[White "Dan, Silviu-Aurelian"]
[Black "Sava, Bogdan"]
[Result "1/2-1/2"]
[WhiteElo "1927"]
[BlackElo "2131"]
[PlyCount "66"]
[EventDate "2010.??.??"]

1. e4 e5 2. Bc4 Nf6 3. d3 Bc5 4. Nc3 d6 5. h3 O-O 6. Nge2 Be6 7. Bb3 h6 8. O-O
Nc6 9. Ng3 Nd4 10. Kh1 Qd7 11. Kh2 a5 12. f4 Qe7 13. f5 Bxb3 14. cxb3 Kh7 15.
Nh5 c6 16. Nxf6+ Qxf6 17. Ne2 Nxe2 18. Qxe2 d5 19. Qh5 dxe4 20. dxe4 Be7 21.
Be3 Rfd8 22. Rad1 Rxd1 23. Rxd1 Rd8 24. Bb6 Rxd1 25. Qxd1 Qh4 26. Qe2 Bd8 27.
g3 Qe7 28. Be3 Qb4 29. Bd2 Qc5 30. Be3 Qb4 31. Qc2 Bg5 32. Bf2 Qd6 33. Bc5 Qd7
1/2-1/2

[Event "GRAND PRIX BALCANI - Festivalul Interna"]
[Site "?"]
[Date "2010.08.22"]
[Round "?"]
[White "Drenchev, Petar"]
[Black "Sava, Bogdan"]
[Result "1-0"]
[WhiteElo "2514"]
[BlackElo "2131"]
[PlyCount "41"]
[EventDate "2010.??.??"]

1. Nf3 Nf6 2. c4 e6 3. g3 d5 4. Bg2 Be7 5. O-O O-O 6. d4 c5 7. cxd5 Nxd5 8. e4
Nf6 9. Nc3 cxd4 10. Nxd4 Nbd7 11. Qe2 Ne5 12. Rd1 Bd7 13. f4 Nc6 14. Be3 Qc8
15. e5 Ne8 16. Ndb5 Na5 17. Nxa7 Qc7 18. Ncb5 Bxb5 19. Nxb5 Qc4 20. Qxc4 Nxc4
21. Bd4 1-0

[Event "GRAND PRIX BALCANI - Festivalul Interna"]
[Site "?"]
[Date "2010.08.20"]
[Round "?"]
[White "Ardelean, George Catalin"]
[Black "Sava, Bogdan"]
[Result "1/2-1/2"]
[WhiteElo "2514"]
[BlackElo "2131"]
[PlyCount "59"]
[EventDate "2010.??.??"]

1. e4 e5 2. Bc4 Nf6 3. d3 c6 4. Nf3 d5 5. Bb3 Bd6 6. Nc3 d4 7. Ne2 O-O 8. Ng3
Na6 9. c3 c5 10. O-O Nc7 11. h3 Be6 12. Nh4 Re8 13. Nhf5 Bf8 14. f4 Nd7 15. c4
f6 16. Ba4 a6 17. Bxd7 Bxd7 18. fxe5 Rxe5 19. Qf3 Ne6 20. Nh5 Kh8 21. Qg3 Qe8
22. Qh4 Qd8 23. Qg3 Qe8 24. Nf4 Nc7 25. Nh4 g5 26. Nf3 gxf4 27. Bxf4 Bg7 28.
Bxe5 fxe5 29. Ng5 Be6 30. Qh4 1/2-1/2

[Event "GRAND PRIX BALCANI - Festivalul Interna"]
[Site "?"]
[Date "2010.08.20"]
[Round "?"]
[White "Sava, Bogdan"]
[Black "Itkis, Boris"]
[Result "0-1"]
[WhiteElo "2131"]
[BlackElo "2436"]
[PlyCount "92"]
[EventDate "2010.??.??"]

1. c4 e6 2. Nf3 Nf6 3. d4 b6 4. g3 Ba6 5. b3 d5 6. Bg2 dxc4 7. Ne5 Bb4+ 8. Bd2
cxb3 9. axb3 Bxd2+ 10. Qxd2 Nd5 11. O-O Bb7 12. Nc3 O-O 13. Rfc1 c6 14. Ne4 Qe7
15. Ra4 Rd8 16. h4 f6 17. Nd3 Nd7 18. Nc3 a5 19. Nxd5 exd5 20. Nf4 Re8 21. Rc3
Nf8 22. Qc2 Ne6 23. Re3 Qd6 24. Nxe6 Rxe6 25. Rxe6 Qxe6 26. b4 axb4 27. Rxa8+
Bxa8 28. Qa4 Qc8 29. Qxb4 Qc7 30. h5 c5 31. Qa4 Qc8 32. Qb5 c4 33. Qxb6 c3 34.
Qb1 c2 35. Qc1 Qc3 36. Bh3 Bc6 37. Kg2 Ba4 38. Be6+ Kf8 39. Bxd5 Qxd4 40. e4
Qc3 41. h6 gxh6 42. Qxh6+ Ke8 43. Qc1 Kd7 44. Bg8 h6 45. Bh7 Kc6 46. Bg6 Kb6
0-1

[Event "Campionatul National de Sah Individ.  M"]
[Site "Eforie Nord"]
[Date "2009.02.08"]
[Round "9.34"]
[White "Sava, Bogdan"]
[Black "Carapit, Vasile"]
[Result "1/2-1/2"]
[WhiteElo "2115"]
[BlackElo "1854"]
[PlyCount "35"]
[EventDate "2009.02.01"]

1. c4 e6 2. Nc3 Nf6 3. Nf3 d5 4. d4 Be7 5. Bg5 h6 6. Bh4 O-O 7. e3 b6 8. Bd3
dxc4 9. Bxc4 Bb7 10. O-O Nbd7 11. Qe2 Nd5 12. Bxe7 Nxc3 13. bxc3 Qxe7 14. Ba6
Bxa6 15. Qxa6 c5 16. Rfc1 Rfc8 $11 17. e4 Nf6 18. Qd3 1/2-1/2

[Event "Campionatul National de Sah Individ.  M"]
[Site "Eforie Nord"]
[Date "2009.02.07"]
[Round "8.22"]
[White "Pessi, Emil George"]
[Black "Sava, Bogdan"]
[Result "1-0"]
[WhiteElo "2261"]
[BlackElo "2115"]
[PlyCount "73"]
[EventDate "2009.02.01"]

1. e4 e5 2. Nf3 Nf6 3. Nxe5 d6 4. Nf3 Nxe4 5. Qe2 Qe7 6. d3 Nf6 7. Bg5 Qxe2+ 8.
Bxe2 Be7 9. Nc3 c6 10. O-O-O O-O 11. Ne4 Nbd7 12. Rhe1 h6 13. Bh4 g5 14. Bg3
Ne8 15. h3 d5 16. Ned2 Bd6 17. Nd4 Ndf6 18. Bxd6 Nxd6 19. g4 c5 20. N4f3 Be6
21. Ne5 Nd7 22. Nxd7 Bxd7 23. Bf3 Bc6 24. d4 c4 25. Re5 Nb5 26. Nf1 Nc7 27. Ng3
f6 28. Re7 Rf7 29. Rde1 Re8 30. Rxe8+ Nxe8 31. Rxe8+ Bxe8 32. Bxd5 Kf8 33. Bxf7
Kxf7 34. Nf5 Bc6 35. Nxh6+ Ke6 36. Kd2 Be4 37. c3 1-0

[Event "Campionatul National de Sah Individ.  M"]
[Site "Eforie Nord"]
[Date "2009.02.06"]
[Round "7.20"]
[White "Sava, Bogdan"]
[Black "Schmidt, Raul"]
[Result "0-1"]
[WhiteElo "2115"]
[BlackElo "2382"]
[PlyCount "150"]
[EventDate "2009.02.01"]

1. e4 d6 2. d4 Nf6 3. Nc3 c6 4. f3 g6 5. Be3 Qb6 6. Qc1 Bg7 7. Bd3 O-O 8. Nge2
Nbd7 9. O-O Qc7 10. Nd1 e5 11. c3 d5 12. Nf2 exd4 13. cxd4 dxe4 14. fxe4 Nb6
15. Bh6 Ng4 16. Nxg4 Bxg4 17. Bxg7 Kxg7 18. Nf4 Qd6 19. Qc3 Na4 20. e5 Nxc3 21.
exd6 Nd5 22. Nxd5 cxd5 23. Rac1 Rad8 24. Rc7 Rd7 25. Rfc1 Rfd8 26. h3 Be6 27.
Bb5 Rxc7 28. Rxc7 a6 29. Bd3 Rd7 30. b4 Rxc7 31. dxc7 Kf6 32. Kf2 Ke7 33. Kf3
h6 34. h4 g5 35. hxg5 hxg5 36. Kg3 Kd7 37. Kf3 Kxc7 38. Kg3 Kd6 39. Kf3 Bd7 40.
a3 Ke7 41. g3 Kf6 42. Be2 Bb5 43. Bd1 Bd3 44. Ke3 Be4 45. Bg4 b6 46. Be2 a5 47.
Bg4 Kg6 48. Be2 Kf5 49. Bd1 axb4 50. axb4 Bb1 51. Bf3 Be4 52. Be2 g4 53. Bb5
Kg5 54. Bd7 Bc2 55. Bc6 Be4 56. Bd7 Bg2 57. Bc8 f5 58. Bd7 Bh1 59. Bc6 Be4 60.
Bd7 f4+ 61. gxf4+ Kh5 62. Kf2 Kh4 63. Be6 g3+ 64. Kg1 Kh5 65. Bh3 Kg6 66. Be6
Kf6 67. Bd7 Kg6 68. Be6 Kh5 69. Bd7 Bf3 70. Be6 Kh4 71. Bd7 Bg4 72. Ba4 Bf5 73.
Bd1 Be4 74. Be2 Kh3 75. Bb5 Kg4 0-1

[Event "Campionatul National de Sah Individ.  M"]
[Site "Eforie Nord"]
[Date "2009.02.05"]
[Round "6.30"]
[White "Tomici, Stefan"]
[Black "Sava, Bogdan"]
[Result "0-1"]
[WhiteElo "1821"]
[BlackElo "2115"]
[PlyCount "104"]
[EventDate "2009.02.01"]

1. e4 d6 2. d4 g6 3. Nc3 Bg7 4. f3 Nf6 5. Be3 c6 6. Qd2 O-O 7. O-O-O b5 8. g4
Nbd7 9. h4 Qa5 10. Kb1 b4 11. Nce2 c5 12. Nc1 h5 13. gxh5 Nxh5 14. Nh3 cxd4 15.
Bxd4 Bxd4 16. Qxd4 Ne5 17. Qf2 Qc5 18. Qg2 Be6 19. Nd3 Qa5 20. b3 Nxd3 21. cxd3
Rac8 22. d4 Bxh3 23. Qxh3 Rc2 24. a4 Rfc8 25. Rh2 Qc7 26. Qxc8+ Qxc8 27. Rxc2
Qe6 28. Rc4 d5 29. Rxb4 dxe4 30. d5 Qd6 31. Rxe4 Ng3 32. Red4 Nf5 33. Re4 $11
Qf6 34. Rf4 Qc3 35. Bc4 Qe3 36. Rxf5 gxf5 37. Rf1 $11 Qh6 38. f4 a5 39. Bd3
Qxh4 40. Bxf5 Qh5 41. Bd3 Qxd5 42. Bc4 Qf5+ 43. Kb2 Kf8 44. Kc3 Qf6+ 45. Kc2 e6
46. Kd3 Ke7 47. Ke4 Kd6 48. Rd1+ Kc5 49. Rd3 Qf5+ 50. Ke3 Qg4 51. Ke4 Qe2+ 52.
Re3 f5+ 0-1